000 01538nam0a2200385 4500
001 RU\NLR\bibl\385393
005 20260405144521.0
010 _a5-94845-039-2
_91000
021 _aRU
_b2003-6316
_9296
035 _a(NLR Aleph) 000379766
090 _a448191
_c448191
100 _a20030326d2002 |||y0rusy50 ca
101 0 _arus
102 _aRU
105 _aa |||||||||
200 1 _aПедагогическая поддержка постдипломного саморазвития педагогов
_fБ. Е. Фишман
210 _aМ.
_cМПГУ
_d2002
215 _a266 с.
_d20
320 _aБиблиогр.: с. 237-266
606 0 _aПедагогическая деятельность
_xПсихологические исследования
_91713771
_3RU\NLR\auth\661061564
606 0 _aПоследипломное педагогическое образование
_92098209
_3RU\NLR\auth\661269313
606 0 _aУчителя
_xСамообразование
_91553851
_3RU\NLR\auth\66678879
610 0 _aПедагогическое образование последипломное
675 _a371.14.041
_v3
_zrus
686 _a14
_2rugasnti
686 _a74.2
_2rubbk
686 _aЮ940
686 _aЧ489.514(2)7
700 1 _4070
_8rus
_7ca
_aФишман
_bБ. Е.
_gБорис Ентильевич
_3RU\NLR\auth\7760094
_943025
801 0 _aRU
_bRKP
_c20030326
_gPSBO
801 1 _aRU
_bRKP
_c20030326
801 2 _aRU
_bNLR
_c20080109
_grcr
942 _cBOOK
980 _aNB